| Tag |
First Indicator |
Second Indicator |
Subfields |
| LEADER |
00000pam a2200000 a 4500 |
| 001 |
in00000090204 |
| 005 |
20151008065628.0 |
| 008 |
820316s1982 nyua 00110 eng |
| 010 |
|
|
|a 82004072
|
| 020 |
|
|
|a 0814457312
|
| 035 |
|
|
|a (OCoLC)08346017
|
| 035 |
|
|
|9 AAK6291AM
|
| 039 |
0 |
|
|a 2
|b 3
|c 3
|d 3
|e 3
|
| 040 |
|
|
|a DLC
|c DLC
|d TXA
|d UtOrBLW
|
| 043 |
|
|
|a n-us---
|
| 049 |
|
|
|a TXAM
|c [388651]
|
| 050 |
0 |
0 |
|a HD66
|b T48 1982
|
| 082 |
0 |
|
|a 658.4/036
|2 19
|
| 100 |
1 |
|
|a Thompson, Philip C.
|
| 245 |
1 |
0 |
|a Quality circles :
|b how to make them work in America /
|c Philip C. Thompson.
|
| 264 |
|
1 |
|a New York, N.Y. :
|b AMACOM,
|c [1982]
|
| 264 |
|
4 |
|c ©1982
|
| 300 |
|
|
|a viii, 198 pages :
|b illustrations ;
|c 22 cm.
|
| 336 |
|
|
|a text
|b txt
|2 rdacontent
|
| 337 |
|
|
|a unmediated
|b n
|2 rdamedia
|
| 338 |
|
|
|a volume
|b nc
|2 rdacarrier
|
| 500 |
|
|
|a Includes index.
|
| 650 |
|
0 |
|a Quality circles
|z United States.
|
| 999 |
|
|
|a MARS
|
| 999 |
f |
f |
|s fbf841b2-4aac-36df-9a0c-7bc1af383fed
|i 7fa8b3f6-86c7-323c-bcad-5fe909130b06
|t 0
|
| 952 |
f |
f |
|p ric
|a Texas A&M University
|b Rellis Campus
|c Joint Library Facility
|d Remote Storage
|t 0
|e HD66 T48 1982
|h Library of Congress classification
|i unmediated -- volume
|m A14806003689
|
| 998 |
f |
f |
|a HD66 T48 1982
|t 0
|l Remote Storage
|